00494 2200181 4500001002100000005001500021008004100036020001800077035001900095041000700114082000800121090001400129100002000143245005200163260004700215300002200262650002800284INLIS00000000001350320241224114553241224||||||||| | ||| |||| || |  a979-678-889-6 0010-1224013503 aid0 a300 a300 ISK p0 aIskandar Syarif00aILMU PENGETAHUAN SOSIAL untuk SD dan MI kelas 1 aBandungbPT. Sarana Panca Karya Nusac2007 avi+106hlm;18x25cm 0aIlmu Pengetahuan Sosial